| Registos Bibliográficos associados ao registo de autoridade |
|
Etiqueta de registo: 00254nam 2200025 450 001 2289355 003 http://id.bnportugal.gov.pt/bib/catbnp/2289355 100 ## $a20260701d2025 k y0pory01030103ba 101 0# $aeng 102 ## $aPT 105 ## $aa m 000yy 106 ## $ar 200 1# $aRepresentation, consumption and the global world$e a social and spatial history of collecting Asian porcelain in European palaces,
1450-1750$fJoanna CiemiÂnska$gorient. Nuno Senos 210 #9 $aLisboa$c[s.n.],$d2025 215 ## $a2 v.$cil.$d30 cm 328 #1 $aTese dout. História da Arte, Instituto da História da Arte, Faculdade de Ciências
Sociais e Humanas, Universidade NOVA de Lisboa, 2025 700 #1 $aCiemiÂnska,$bJoanna$32002344 702 #1 $aSenos,$bNuno de Carvalho Conde,$f1972-$4727$3979322 801 #0 $aPT$bBN$gRPC 966 ## $b001$dV. 1$lBN$mFGMON$x1 966 ## $dV. 2$eApêndices$lBN$mFGMON$x1 971 ## $cssilva$d20260701
|
|
|